[Event "Gibraltar Masters 10th"]
[Site "Caleta"]
[Date "2012.02.01"]
[Round "9"]
[White "Mamedyarov, Shakhriyar"]
[Black "Akobian, Varuzhan"]
[Result "1-0"]
[WhiteElo "2747"]
[BlackElo "2617"]
[Annotator "Krasenkow,Michal"]
[PlyCount "207"]
[EventDate "2012.01.24"]
[EventType "swiss"]
[EventRounds "10"]
[EventCountry "GGB"]
[SourceTitle "CBM 147"]
[Source "ChessBase"]
[SourceDate "2012.03.16"]
[SourceVersion "1"]
[SourceVersionDate "2012.03.16"]
[SourceQuality "1"]

1. d4 d5 2. c4 e6 3. Nc3 c5 4. cxd5 exd5 5. Nf3 Nc6 6. g3 Nf6 7. Bg2 Be7 8. O-O O-O 9. Bg5 c4 10. Ne5 Be6 11. Nxc6 bxc6 12. b3 Qa5 13. Qd2 {A rare continuation compared to} (13. Na4 {and}) (13. Qc2) 13... Bb4 {Obvious but premature.} (13... Rad8 $142 $1 14. Rfd1 (14. Na4 Qxd2 15. Bxd2 cxb3 16. axb3 Ne4 17. Ba5 Rb8 18. Rfb1 Bf5 19. f3 Ng5 20. Rb2 Ne6 $11 {1/2 Brodsky,M (2597)-Ikonnikov,V (2555)/Le Touquet 2007/EXT 2008 (35)}) (14. bxc4 dxc4 15. Bxc6 Bb4 $1 16. Bxf6 (16. Rac1 Qb6 17. d5 Rxd5 $1 18. Bxd5 Nxd5 19. Be3 Qb7 20. Bd4 Nxc3 21. Bxc3 Bxc3 22. Rxc3 Bh3 23. f3 Bxf1 24. Kxf1 Qc7 $11 {D.Yevseev}) 16... gxf6 17. Rfc1 Qb6 18. Be4 Qxd4 $15 {1/2 Heuer,T (2260)-Bach,M (2320)/Germany 1998/EXT 1999 (54)}) 14... Bb4 15. Bxf6 gxf6 16. Rdc1 $1 (16. Rac1 c5 $1 17. Qc2 (17. bxc4 cxd4 18. Qxd4 Bxc3 19. Qxc3 Qxc3 20. Rxc3 dxc4 $15 {D.Yevseev}) 17... cxb3 18. axb3 cxd4 19. Na4 Rc8 20. Qd3 Bc3 21. Rc2 Qb4 22. Rdc1 Qxb3 23. Nxc3 Rxc3 24. Rxc3 dxc3 25. Rxc3 Qb4 $15 {1/2 Golod,V (2578)-Kristensen,K (2259)/Bornholm 2008/CBM 125 Extra (83)}) 16... Ba3 $142 (16... c5 17. bxc4 dxc4 (17... cxd4 18. Qxd4 Bxc3 19. Rxc3 dxc4 20. Qxf6) 18. d5 $1 Bxd5 19. Bxd5 Bxc3 {1/2 Zhu Chen (2490)-Kovalevskaya,E (2421)/Nalchik 2011/CBM 145 (44)} 20. Qxc3 $1 Qxc3 21. Bxf7+ Kxf7 22. Rxc3 $16 {D.Yevseev}) 17. Rc2 Bf5 18. e4 Bg6 19. bxc4 dxc4 20. Qe3 Rfe8 21. h4 f5 22. Nb1 Bf8 23. Nd2 fxe4 24. Rxc4 Qd5 25. Rac1 c5 $13 {1/2 Loginov,V (2532)-Yevseev,D (2553)/St Petersburg 2002/EXT 2003 (48)}) ({RR} 13... Ne4 14. Nxe4 Bb4 15. Qc2 dxe4 16. Be3 f5 17. bxc4 Qa6 18. a3 Be7 19. c5 Bc4 20. Rfe1 Rfe8 21. Bf4 Bd8 22. Bf1 Rc8 23. e3 Bxf1 24. Rxf1 Bc7 25. Bxc7 Rxc7 26. Rfb1 g5 27. Rb4 f4 28. Qb3+ {Umarov,B (2270)-Naumov,P (2099) Karshi UZB 2026 1-0 (34)}) ({RR} 13... Ne4 14. Nxe4 Bb4 15. Qc2 dxe4 16. Be3 f5 17. bxc4 Qa6 18. a3 Be7 19. c5 Bc4 20. Rfe1 Rfe8 21. Bf4 Bd8 22. Bf1 Rc8 23. e3 Bxf1 24. Rxf1 Bc7 25. Bxc7 Rxc7 26. Rfb1 g5 27. Rb4 f4 28. Qb3+ {Umarov,B (2270)-Naumov,P (2099) Karshi UZB 2026 1-0 (34)}) 14. Bxf6 gxf6 15. Rfc1 Rad8 $6 {This move leads to the above variation with a loss of a tempo for Black. Not surprisingly, he gets a poor position.} (15... Ba3 16. Rc2 Bf5 17. e4 dxe4 {0-1 Anic,D (2499)-Pecot,L (2229)/France 2000/EXT 2001 (39)} 18. Bxe4 $16) (15... Rac8 16. bxc4 dxc4 17. a3 (17. e4 $143 Rfd8 18. Qe3 Rc7 19. e5 Be7 20. Qf4 Kg7 21. Ne2 fxe5 22. dxe5 Rcd7 {1/2 Lugovoi,A (2563)-Bluvshtein,M (2451)/Gausdal 2003/CBM 093 ext}) 17... Bxc3 18. Rxc3 (18. Qxc3 Qxc3 19. Rxc3 Rfd8 20. e3 c5 21. d5 Bxd5 22. Bxd5 Rxd5 23. Rxc4 Rb8 24. Ra2 Rb3 25. Kg2 $14 {1/2 Zhou Jianchao (2612)-Akobian,V (2606)/Beijing 2008/CBM 126 Extra (66)}) 18... Rfd8 19. e3 (19. Rac1 Rd6 20. Qf4 Rcd8 21. e3 Kg7 22. h4 c5 23. d5 Bxd5 24. Bxd5 Rxd5 25. Qxc4 $14 {1-0 Loginov,V (2540)-Monin,N (2390)/Budapest 1994/EXT 1997 (42)}) 19... c5 20. d5 Bxd5 21. Bxd5 Rxd5 22. Qc2 $14 {1-0 Kotsur,P (2568)-Namir,M (2202)/Ha Long City 2009/CBM 133 Extra (31)}) ({RR} 15... Rac8 16. bxc4 dxc4 17. a3 Bxc3 18. Qxc3 Qxc3 19. Rxc3 Rfd8 20. e3 c5 21. d5 Bxd5 22. Bxd5 Rxd5 23. Rxc4 Rb8 24. Ra2 Rb3 25. Kg2 Kf8 26. Ra4 Rb7 27. Rc2 Ke7 28. Ra5 Rc7 29. e4 Re5 30. Rc4 {Zhou,J (2612)-Akobian,V (2606) Beijing 2008 ½-½ (66)}) ({RR} 15... Rac8 16. bxc4 dxc4 17. a3 Bxc3 18. Qxc3 Qxc3 19. Rxc3 Rfd8 20. e3 c5 21. d5 Bxd5 22. Bxd5 Rxd5 23. Rxc4 Rb8 24. Ra2 Rb3 25. Kg2 Kf8 26. Ra4 Rb7 27. Rc2 Ke7 28. Ra5 Rc7 29. e4 Re5 30. Rc4 {Zhou,J (2612)-Akobian,V (2606) Beijing 2008 ½-½ (66)}) 16. bxc4 $146 (16. a3 Bxc3 17. Qxc3 Qxc3 18. Rxc3 c5 $1) ({RR} 16. Qc2 c5 17. e3 cxd4 18. exd4 Rc8 19. Ne2 Bd2 20. Rd1 c3 21. Nf4 Bxf4 22. gxf4 Kh8 23. Re1 Rg8 24. f5 Bd7 25. Re7 Rg7 26. Rxd7 Rcg8 27. Rc1 Rxg2+ 28. Kh1 Qb5 29. Rc7 Qb4 30. Rxc3 Qxd4 {Mayorga,N (2300)-Saldano Dayer,H (2422) Buenos Aires 2017 0-1 (34)}) ({RR} 16. Qc2 c5 17. e3 cxd4 18. exd4 Rc8 19. Ne2 Bd2 20. Rd1 c3 21. Nf4 Bxf4 22. gxf4 Kh8 23. Re1 Rg8 24. f5 Bd7 25. Re7 Rg7 26. Rxd7 Rcg8 27. Rc1 Rxg2+ 28. Kh1 Qb5 29. Rc7 Qb4 30. Rxc3 Qxd4 {Mayorga,N (2300)-Saldano Dayer,H (2422) Buenos Aires 2017 0-1 (34)}) 16... dxc4 17. e3 c5 {Otherwise Black has a ruined pawn structure "for nothing".} 18. d5 $1 {A typical reply, which you have already seen in the games quoted above.} Bxc3 19. Rxc3 Bxd5 20. Bxd5 Rxd5 21. Qc2 {Compared to Kotsur-Namir, White has practically an extra tempo.} Rb8 22. Rxc4 Rb4 23. Rb1 Rxb1+ 24. Qxb1 Qb6 25. Qc2 f5 26. Rf4 Qc6 27. h3 (27. Rxf5 Rxf5 28. Qxf5 c4 {gives Black counterplay due to his passed pawn. Therefore White continues manoeuvring, and it is very difficult for Black to hold his numerous weaknesses.}) 27... h6 28. Kh2 a6 29. a4 Kg7 30. a5 Qe6 31. Qc3+ Qe5 32. Qc4 Qe6 33. h4 Kg8 34. Qc2 Kg7 35. e4 fxe4 36. Rxe4 Qf5 (36... Qd6 $142) 37. Qb2+ Rd4 {Black decides to give up a pawn.} (37... Kh7 38. Rf4 Qd7 39. Qf6 $18 {[%cal Rf6f7,Rf6a6]}) (37... Kg6 38. Rf4 Qe6 39. Qh8 $16) (37... f6 38. Re7+ Kg6 39. Qe2 $16) 38. Rxd4 cxd4 39. Qxd4+ {[%mdl 4096] Such queen endgames, with an extra pawn on the kingside, where it is very difficult to create a passed pawn, are not easy to win. Therefore it is interesting to see GM Sh.Mamedyarov's technique.} f6 {Perhaps it was better to keep pawns on f7 and h6:} (39... Kh7) 40. Qb6 h5 41. Kg1 Qd3 42. Qb7+ Kg6 43. Kg2 Qc4 44. Qb1+ Kg7 45. Qf5 Qc6+ 46. Kh2 Kh6 47. Kg1 Qc1+ 48. Kg2 Qc6+ 49. Qf3 Qd6 50. Kf1 Kg6 51. Qe4+ Kg7 52. Qf5 Qc6 53. Kg1 Kh6 54. Kh2 Qd6 55. Kh3 Qc6 56. f3 Qc3 57. g4 {Finally creating a passed pawn, thanks to the fact that Black has played ...h6-h5.} hxg4+ 58. Kxg4 Qb2 59. Qf4+ Kg7 60. Qc7+ Kg6 (60... Kh6 61. Kf5 Qg2 62. f4 Qg6+ 63. Ke6 f5+ 64. Kd7) 61. h5+ $1 Kh6 62. Kf5 Qb5+ 63. Kxf6 Qg5+ 64. Ke6 Qe3+ 65. Kd7 (65. Qe5 $142 $1 Qxf3 66. Kd7) 65... Kxh5 66. f4 Kg4 67. Kc8 Qb3 68. Qe5 Qb4 69. Kc7 Qb3 70. Kc6 Qb4 71. Qg5+ Kf3 72. Qh5+ Kg3 73. Qg5+ Kf3 74. Kc7 {White doesn't hurry.} Qb3 75. Qf6 Qb4 76. Qe5 Kg4 77. f5 Kg5 78. Kc6 Qb3 79. Qc5 $2 {This decentralisation is wrong.} (79. f6+ $1 Kg6 80. Kc7 Qb4 81. Kc8 Qb3 82. Qe7 $18 {Black must give up his a6 pawn, and White gradually wins.}) 79... Qb8 $1 80. Kd7 Qb7+ 81. Ke6 Qb3+ 82. Kd7 Qb7+ 83. Kd6 Qb3 $2 {Black could have hold his ground by means of} (83... Kf6 84. Qe5+ Kg5 {or}) (83... Qb8+ 84. Kc6 Kf6) 84. Kc7 $1 {The key square for White's king!} Qf7+ (84... Qb2 85. f6+ $1 Kg6 86. Qe7 $18) 85. Kb6 Qe8 86. Kxa6 {White has won a second pawn but he still has a long way to go.} Qa8+ 87. Kb6 Qb8+ 88. Kc6 Qc8+ 89. Kd5 (89. Kd6 $142 $1 Qf8+ (89... Qd8+ 90. Ke6) 90. Kd5 {not allowing Black to give checks from the rear.}) 89... Qd7+ 90. Kc4 Qa4+ 91. Kc3 Qa1+ 92. Kb4 Qb2+ (92... Qb1+ $1 {, and the best way for White is to go back to d6:} 93. Kc3 (93. Ka4 Qe4+ 94. Kb5 Qb7+) 93... Qa1+ 94. Kc4 Qa4+ 95. Kd3 Qd1+ 96. Ke4 Qa4+ 97. Ke5 Qe8+ 98. Kd6 $1 Qf8+ 99. Kd5 $1 Qg8+ 100. Kd4 Qd8+ 101. Kc3 {etc.}) 93. Ka4 (93. Kc4 $142 $1 {aiming both at b5 and d5.}) 93... Qa2+ (93... Qe2 $1 {, and White must "take his moves back":} 94. Kb4 Qe4+ 95. Kc3 Qe1+ 96. Kd4 {etc.}) 94. Kb5 {White's king now hides in front of his pawns.} Qb3+ 95. Kc6 Qa4+ 96. Kc7 {It is better to move towards Black's king:} (96. Kd6 Qf4+ 97. Ke7) 96... Qf4+ 97. Kb7 (97. Kd7 $1) 97... Qe4+ 98. Ka7 Qe8 99. Qd5 Qe7+ 100. Kb8 Qe8+ 101. Kc7 Qe7+ 102. Kc8 Qa7 103. f6+ Kxf6 $4 {[%mdl 8192]} (103... Kg6 104. f7 Qf2 $1 {enabled Black to continue his resistance. After the text move White simply exchanges the queens.}) 104. Qd8+ $1 1-0

[Event "Corus"]
[Site "Wijk aan Zee"]
[Date "2002.01.16"]
[Round "4"]
[White "Van Wely, Loek"]
[Black "Grischuk, Alexander"]
[Result "0-1"]
[WhiteElo "2697"]
[BlackElo "2671"]
[Annotator "Ftacnik,Lubomir"]
[PlyCount "88"]
[EventDate "2002.01.12"]
[EventType "tourn"]
[EventRounds "13"]
[EventCountry "NED"]
[EventCategory "18"]
[SourceTitle "CBM 087"]
[Source "ChessBase"]
[SourceDate "2002.03.21"]
[SourceVersion "1"]
[SourceVersionDate "2002.03.21"]
[SourceQuality "1"]

1. c4 e6 2. d4 d5 3. Nc3 c5 4. cxd5 exd5 5. Nf3 Nc6 6. g3 Nf6 7. Bg2 Be7 8. O-O O-O 9. dxc5 Bxc5 10. Bg5 d4 11. Bxf6 Qxf6 12. Nd5 Qd8 13. Nd2 Re8 14. Rc1 Bf8 15. Re1 (15. Nf4) (15. Nb3) (15. Nc4) ({RR} 15. Nf4 Bg4 16. Qb3 Bxe2 17. Qxb7 Bxf1 18. Kxf1 Rb8 19. Qxc6 Rxb2 20. Nc4 Rxa2 21. Bd5 Re7 22. Nd6 Qb6 23. Qxb6 axb6 24. Bxa2 {1-0 (24) Aynaoglu,E (2064)-Olhovik,A (2275) chess.com INT 2026}) ({RR} 15. Nf4 Bg4 16. Qb3 Bxe2 17. Qxb7 Bxf1 18. Kxf1 Rb8 19. Qxc6 Rxb2 20. Nc4 Rxa2 21. Bd5 Re7 22. Nd6 Qb6 23. Qxb6 axb6 24. Bxa2 {1-0 (24) Aynaoglu,E (2064)-Olhovik,A (2275) chess.com INT 2026}) 15... Bg4 (15... Bh3 16. Bxh3 Qxd5 17. a3 d3 18. Bg2 dxe2 19. Bxd5 exd1=Q 20. Rexd1 Ne5 21. Ne4 Rad8 22. h3 {½-½ Slipak,S-Rosito,J/Mar del Plata 1994/ (41)}) 16. h3 $146 {[%mdl 8192] Van Wely played in Wijk in a misserable form, after this naive blunder he will have no compensation for the pawn.} (16. Nb3 Re5 17. Nf4 Bb4 18. Nd2 (18. Nd3 Bxe1 19. Nxe5 Nxe5 20. Qxe1 d3 21. f4 Qb6+ 22. Kh1 dxe2 23. fxe5 Rd8 24. Nd2 Qxb2 25. Bf3 Bxf3+ {0-1 Molinaroli,M-Schlehoefer,R/Dortmund 1987/ (25)}) 18... d3 (18... Qe8 19. a3 Bxd2 20. Qxd2 Rd8 21. h3 Bf5 22. b4 Be4 {½-½ Velikov,P-Dobrev,N/Pamporovo/2001/ (71)}) 19. Nxd3 Bxe2 20. Rxe2 Qxd3 21. Be4 Qd4 22. Rc4 Qd6 23. Bxc6 Rxe2 24. Qxe2 Bxd2 25. Bxb7 Rd8 {½-½ Timman,J-Gligoric,S/Bugojno 1978/ (43)}) ({RR} 16. Nf4 Rc8 17. Bf3 Bxf3 18. Nxf3 Qb6 19. Nd3 Nb4 20. Rxc8 Rxc8 21. Nxb4 Bxb4 22. Rf1 Bc5 23. Qd2 Rd8 24. Ne5 Qe6 25. Nd3 Bb6 26. a3 h6 27. Rc1 Re8 28. Nf4 Qe4 29. Qd3 Qe5 30. Kf1 Bc7 {Harshavardhan,G (2405)-Mamedov,R (2636) chess.com INT 2023 1-0 (38)}) ({RR} 16. Nf4 Qd7 17. a3 Rad8 18. Nf3 h6 19. Qd2 d3 20. Qxd3 Qe7 21. Qb3 Kh8 22. h4 g6 23. Rcd1 Rxd1 24. Rxd1 Bg7 25. Rd2 Bf5 26. Nd5 Qc5 27. Qxb7 Be4 28. Nc3 Bxf3 29. Bxf3 Ne5 30. Kg2 a5 {Van Wely,L (2647)-Grischuk,A (2717) Monte Carlo 2006 1-0 (43)}) ({RR} 16. Nb3 Re5 17. Nf4 Bb4 18. Rf1 Qe8 19. Bf3 Bxf3 20. exf3 Rd8 21. Nd3 Rb5 22. f4 Qe4 23. a3 Bf8 24. Re1 Qf5 25. a4 Rbd5 26. Rc4 h5 27. Qf3 a5 28. Kg2 Nb4 29. Nbc1 b5 30. axb5 Rxb5 {Gormally,D (2492)-Lock,G (2182) Ascot 2014 1-0 (47)}) ({RR} 16. Nf4 Rc8 17. Bf3 Bxf3 18. Nxf3 Qb6 19. Nd3 Nb4 20. Rxc8 Rxc8 21. Nxb4 Bxb4 22. Rf1 Bc5 23. Qd2 Rd8 24. Ne5 Qe6 25. Nd3 Bb6 26. a3 h6 27. Rc1 Re8 28. Nf4 Qe4 29. Qd3 Qe5 30. Kf1 Bc7 {Harshavardhan,G (2405)-Mamedov,R (2636) chess.com INT 2023 1-0 (38)}) ({RR} 16. Nf4 Qd7 17. a3 Rad8 18. Nf3 h6 19. Qd2 d3 20. Qxd3 Qe7 21. Qb3 Kh8 22. h4 g6 23. Rcd1 Rxd1 24. Rxd1 Bg7 25. Rd2 Bf5 26. Nd5 Qc5 27. Qxb7 Be4 28. Nc3 Bxf3 29. Bxf3 Ne5 30. Kg2 a5 {Van Wely,L (2647)-Grischuk,A (2717) Monte Carlo 2006 1-0 (43)}) ({RR} 16. Nb3 Re5 17. Nf4 Bb4 18. Rf1 Qe8 19. Bf3 Bxf3 20. exf3 Rd8 21. Nd3 Rb5 22. f4 Qe4 23. a3 Bf8 24. Re1 Qf5 25. a4 Rbd5 26. Rc4 h5 27. Qf3 a5 28. Kg2 Nb4 29. Nbc1 b5 30. axb5 Rxb5 {Gormally,D (2492)-Lock,G (2182) Ascot 2014 1-0 (47)}) 16... Bxh3 $1 17. Bxh3 Qxd5 18. a3 (18. Bg2 Qxa2 19. Rxc6 bxc6 20. Bxc6 Qxb2 $19) 18... Rab8 (18... Rad8 19. Bg2 Qd7 20. Nf3 Qf5 $17) 19. Bg2 Qh5 20. Nb3 (20. Bxc6 bxc6 21. b4 c5 22. bxc5 Bxc5 23. Nc4 Re6 $19) 20... Rbd8 21. Bf3 (21. Bxc6 bxc6 22. Rxc6 Qb5 23. Rc7 d3 $1 24. e3 (24. exd3 Rxe1+ 25. Qxe1 Qxb3 $19) 24... a5 $17) 21... Qb5 22. Qd3 (22. Qc2 Ne5 23. Be4 d3 24. exd3 Nxd3 25. Bxd3 Rxe1+ 26. Rxe1 Qxd3 $17) 22... Qb6 {The trading of the queens would only make life easier for the defender.} (22... Qxd3 23. exd3 Ne5 24. Be4 f5 25. Bxb7 Re7 (25... Nxd3 26. Rxe8 Rxe8 27. Rc2 $11) 26. Nc5 Nxd3 27. Nxd3 Rxb7 28. b4 $15) 23. Bxc6 (23. Qc2 Ne5 $17) 23... bxc6 24. Rc2 (24. Nd2 Qxb2 25. Rxc6 Qxa3 $19) 24... c5 25. Nd2 Qf6 (25... Qg6 $6 26. Qxg6 hxg6 27. Nc4 $15) 26. Rc4 (26. Nc4 Rd5 27. b3 Rh5 $17) 26... h5 (26... Rd5 27. b4 cxb4 28. axb4 a6 29. Nf3 Rb5 $17) 27. Nf3 (27. b4 cxb4 28. axb4 h4 $1 $17) 27... Rb8 28. b3 (28. b4 cxb4 29. axb4 Rxb4 $17) 28... Rb6 29. Rec1 a5 30. Rxc5 $5 {Brave attempt to avoid stranling as b3 and e2 pawns needed protection and counterplay was nowhere to be seen.} (30. b4 axb4 31. axb4 Rxb4 32. Rxb4 cxb4 33. Nxd4 Rd8 $17) 30... Bxc5 31. Rxc5 h4 $1 32. Nxh4 (32. Nxd4 Rd8 33. e3 hxg3 34. fxg3 Qd6 $17) (32. Rxa5 $5 hxg3 33. fxg3 Rd6 34. Ng5 Qh6 $17) 32... Rbe6 33. Rc2 Rc6 34. Qb5 (34. Rxc6 Qxc6 35. Nf5 Qc5 36. a4 Re5 37. g4 Qc3 38. Nxd4 Qxd3 39. exd3 Rd5 40. Nc6 Rc5 $17) 34... Rec8 35. Rxc6 Qxc6 36. Qxa5 (36. Qxc6 Rxc6 37. Nf5 d3 38. exd3 (38. Ne7+ $2 Kf8 39. Nxc6 dxe2 $19) 38... Rc3 39. b4 a4 $19) 36... Qe4 37. Nf3 (37. Qg5 g6 38. Qf4 Qxe2 39. Qxd4 Rc1+ 40. Kg2 Qf1+ 41. Kf3 Rd1 $40) 37... d3 $1 {The game is over as white will be unable to fight off the black passed pawn.} 38. Qd2 Qxe2 39. Qf4 (39. Kg2 Qxd2 40. Nxd2 Rc2 $19) 39... Qd1+ 40. Kh2 Qxb3 41. Qd6 Qc2 42. Kg2 Qe2 43. a4 Qe4 44. a5 g5 $1 (44... g5 $1 45. Qd7 Rc5 46. g4 Rd5 $19) 0-1

[Event "Sharjah Master 2024"]
[Site "Shsrjah - Abu Dhabi"]
[Date "2024.05.16"]
[Round "?"]
[White "Yu, Yangyi"]
[Black "Maurizzi, Marc`Andria"]
[Result "1/2-1/2"]
[WhiteElo "2728"]
[BlackElo "2617"]
[Annotator "Stockfish 16.1"]
[PlyCount "135"]
[EventDate "2024.05.14"]
[EventCountry "UAE"]

{[%evp 24,135,26,19,32,32,44,32,51,12,6,0,0,0,5,0,0,0,0,0,0,0,0,0,0,0,0,0,0,0,4,0,0,0,19,0,0,0,0,-1,0,0,0,-1,0,0,0,0,0,0,25,0,26,0,7,0,0,0,0,0,0,0,0,0,0,0,0,0,0,0,0,0,0,0,0,0,0,0,0,0,0,0,0,0,0,0,0,0,0,0,0,0,0,0,0,0,0,0,0,0,0,0,0,0,0,0,0,0,0,0,0,0,0,0]} 1. c4 {[%eval 13,0]} e6 {[%eval 25,0]} 2. g3 {[%eval 14,0]} d5 {[%eval 19,0]} 3. Bg2 {[%eval 17,0]} Nf6 {[%eval 12,0]} 4. Nf3 {[%eval 22,0]} Be7 {[%eval 23,0]} 5. O-O {[%eval 34,0]} O-O {[%eval 2,0]} 6. cxd5 {[%eval 14,0]} exd5 {[%eval 13,0]} 7. b3 {[%eval 12,0]} c5 {[%eval 16,0]} 8. d4 {[%eval 23,0]} Nc6 {[%eval 19,0]} 9. Nc3 {[%eval 17,0]} Ne4 {[%eval 19,0]} 10. Bb2 {[%eval 3,0]} Bf6 {[%eval 17,0]} 11. Na4 {[%eval 26,0]} Re8 {[%eval 23,0]} 12. Rc1 {[%eval 28,0]} cxd4 {[%eval 2,0]} 13. Nxd4 {[%eval 29,0]} Nxd4 {[%eval 33,0]} ({RR} 13... Bd7 14. Nc5 Nxd4 15. Bxd4 Bb5 16. Re1 b6 17. Nxe4 dxe4 18. Bxf6 Qxd1 19. Rexd1 gxf6 20. e3 Be2 21. Rd7 Bg4 22. Rd4 f5 23. h3 Bh5 24. g4 Bg6 25. Kh2 fxg4 26. hxg4 Re5 27. Rcd1 h5 28. Rd8+ {Sargissian,G (2702)-Harikrishna,P (2753) Huaian 2016 ½-½ (49)}) ({RR} 13... Bd7 14. Nc5 Nxd4 15. Bxd4 Bc6 16. Rc2 Qe7 17. e3 Bb5 18. Re1 b6 19. Bxf6 Nxf6 20. Nd3 Rad8 21. Rc1 h6 22. Nf4 {½-½ (22) Nemeth,Z (2264)-Balabayeva,X (2371) Budapest HUN 2026}) ({RR} 13... Bd7 14. Nc5 Nxd4 15. Bxd4 Bb5 16. Re1 b6 17. Nxe4 dxe4 18. Bxf6 Qxd1 19. Rexd1 gxf6 20. e3 Be2 21. Rd7 Bg4 22. Rd4 f5 23. h3 Bh5 24. g4 Bg6 25. Kh2 fxg4 26. hxg4 Re5 27. Rcd1 h5 28. Rd8+ {Sargissian,G (2702)-Harikrishna,P (2753) Huaian 2016 ½-½ (49)}) ({RR} 13... Bd7 14. Nc5 Nxd4 15. Bxd4 Bc6 16. Rc2 Qe7 17. e3 Bb5 18. Re1 b6 19. Bxf6 Nxf6 20. Nd3 Rad8 21. Rc1 h6 22. Nf4 {½-½ (22) Nemeth,Z (2264)-Balabayeva,X (2371) Budapest HUN 2026}) 14. Bxd4 {[%eval 29,0]} Bf5 $146 {[%eval 4,0]} ({RR} 14... Bd7 15. Bxf6 Nxf6 16. Nc3 Bc6 17. Qd4 Ne4 18. e3 Qa5 19. Rc2 Nxc3 20. Qxc3 Qxc3 21. Rxc3 Rad8 22. Rd1 Rd7 23. Rcd3 Red8 24. Rd4 g6 25. Kf1 f5 26. Ke2 Kf7 27. Kf3 h5 28. h4 Kf6 29. Rc1 {Levitt,J (2310)-Elseth,R (2250) Hamar 1983 1-0 (60)}) ({RR} 14... Bd7 15. Bxf6 Nxf6 16. Nc3 Bc6 17. Qd4 Ne4 18. e3 Qa5 19. Rc2 Nxc3 20. Qxc3 Qxc3 21. Rxc3 Rad8 22. Rd1 Rd7 23. Rcd3 Red8 24. Rd4 g6 25. Kf1 f5 26. Ke2 Kf7 27. Kf3 h5 28. h4 Kf6 29. Rc1 {Levitt,J (2310)-Elseth,R (2250) Hamar 1983 1-0 (60)}) 15. e3 {[%eval 27,0]} Qe7 {[%eval 48,0] White is slightly better.} 16. Nc5 {[%eval 1,0]} b6 {[%eval 6,0]} 17. Nxe4 {[%eval 3,0]} dxe4 {[%eval 0,0]} 18. Bxf6 {[%eval 0,0]} Qxf6 {[%eval 3,0]} 19. Rc7 {[%eval 0,0]} Qe5 {[%eval 0,0]} 20. Qc2 {[%eval 0,0]} Rac8 {[%eval 0,0]} 21. Rc1 {[%eval 0,0][%cal Rc7c8]} h5 {[%eval 0,0]} 22. Bf1 {[%eval 0,0]} Red8 {[%eval 0,0]} 23. Rxc8 {[%eval 0,0]} Rxc8 {[%eval 0,0]} 24. Qd2 {[%eval 0,0] [#] aiming for Rxc8+.} Rxc1 {[%eval 0,0]} 25. Qxc1 {[%eval 0,0]} g6 {[%eval 0,0]} 26. h4 {[%eval 0,0]} Kg7 {[%eval 0,0]} 27. b4 {[%eval 0,0]} Bg4 {[%eval 0,0]} 28. a3 {[%eval 0,0]} Bd7 {[%eval 0,0]} 29. Be2 {[%eval 0,0]} Be6 {[%eval 0,0]} 30. Kf1 {[%eval 0,0]} Bh3+ {[%eval 0,0]} 31. Ke1 {[%eval 0,0]} Be6 {[%eval 0,0]} 32. Bd1 {[%eval 0,0]} Kh7 {[%eval 0,0]} 33. Be2 {[%eval 0,0]} Kg7 {[%eval 0,0]} 34. Kf1 {[%eval 0,0]} Bh3+ {[%eval 0,0]} 35. Kg1 {[%eval 0,0]} Be6 {[%eval 0,0]} 36. Kg2 {[%eval 0,0]} Bd7 {[%eval 8,0]} 37. Qd2 {[%eval 13,0]} Be6 {[%eval 16,0]} 38. a4 {[%eval 0,0]} Qa1 {[%eval 0,0] The position is equal.} 39. a5 {[%eval 0,0]} Bh3+ {[%eval 0,0]} 40. Kh2 {[%eval 0,0]} Be6 {[%eval 0,0]} 41. Bb5 {[%eval 0,0]} Kh7 {[%eval 0,0]} 42. Bd7 {[%eval 0,0]} Bxd7 {[%eval 0,0]} 43. Qxd7 $11 {[%eval 0,0][%mdl 4160] [#] Endgame Double Attack. KQ-KQ} Qf6 {[%eval 0,0]} 44. Kg1 {[%eval 0,0]} bxa5 {[%eval 0,0]} 45. bxa5 {[%eval 0,0]} a6 {[%eval 0,0]} 46. Qb7 {[%eval 0,0]} Qe6 {[%eval 0,0]} 47. Qb6 {[%eval 0,0]} Qc4 {[%eval 0,0]} 48. Qf6 {[%eval 0,0]} Kg8 {[%eval 0,0]} 49. Kg2 {[%eval 0,0]} Qb5 {[%eval 0,0]} 50. Qb6 {[%eval 0,0] And now Qxb5 would win.} Qc4 {[%eval 0,0]} 51. Qb8+ {[%eval 0,0]} Kh7 {[%eval 0,0]} 52. Qe5 {[%eval 0,0]} Kg8 {[%eval 0,0]} 53. Qg5 {[%eval 0,0]} Kh7 {[%eval 0,0]} 54. Qf4 {[%eval 0,0]} Kg8 {[%eval 0,0]} 55. g4 {[%eval 0,0] gxh5 is the strong threat.} hxg4 {[%eval 0,0]} 56. Qxg4 {[%eval 0,0]} Qb5 {[%eval 0,0]} 57. Qg5 {[%eval 0,0]} Qe2 {[%eval 0,0]} 58. Qd8+ {[%eval 0,0]} Kh7 {[%eval 0,0]} 59. Qd7 {[%eval 0,0]} Qf3+ {[%eval 0,0]} 60. Kg1 {[%eval 0,0]} Kg7 {[%eval 0,0]} 61. Qd4+ {[%eval 0,0]} Kg8 {[%eval 0,0]} 62. Qd6 {[%eval 0,0]} Qf5 {[%eval 0,0]} 63. Qd8+ {[%eval 0,0]} Kg7 {[%eval 0,0]} 64. Kf1 {[%eval 0,0]} Qh3+ {[%eval 0,0]} 65. Ke1 {[%eval 0,0]} Qh1+ {[%eval 0,0]} 66. Ke2 {[%eval 0,0]} Qf3+ {[%eval 0,0]} 67. Ke1 {[%eval 0,0]} Qh1+ {[%eval 0,0]} 68. Ke2 {[%eval 0,0] Accuracy: White = 92%, Black = 92%.} 1/2-1/2